Auditing and investigation : (Record no. 4015)

MARC details
000 -LEADER
fixed length control field 00621cam a22001932 4500
001 - CONTROL NUMBER
control field 0000019760
005 - DATE AND TIME OF LATEST TRANSACTION
control field 20151217145920.0
008 - FIXED-LENGTH DATA ELEMENTS--GENERAL INFORMATION
fixed length control field 110207s xx 000 0 eng d
040 ## - CATALOGING SOURCE
Original cataloging agency KABU
Transcribing agency KABU
050 #0 - LIBRARY OF CONGRESS CALL NUMBER
Classification number HF5667
Item number .S772 [2009]
110 2# - MAIN ENTRY--CORPORATE NAME
Corporate name or jurisdiction name as entry element Strathmore University.
Subordinate unit Distance Learning Centre.
-- 0000150769
245 10 - TITLE STATEMENT
Title Auditing and investigation :
Remainder of title subject no. 17 revision kit.
260 ## - PUBLICATION, DISTRIBUTION, ETC. (IMPRINT)
Place of publication, distribution, etc. Nairobi :
Name of publisher, distributor, etc. SUP,
Date of publication, distribution, etc. 2009.
300 ## - PHYSICAL DESCRIPTION
Extent xi, 257 p.
650 #0 - SUBJECT ADDED ENTRY--TOPICAL TERM
Topical term or geographic name as entry element Auditing
General subdivision Examinations, questions, etc.
-- 0000151758
852 1# - LOCATION
-- p980 KES
908 ## - PUT COMMAND PARAMETER (RLIN)
Put command parameter 110207
950 ## - LOCAL HOLDINGS (RLIN)
-- 1
Holdings
Withdrawn status Lost status Source of classification or shelving scheme Not for loan Home library Current library Date acquired Total Checkouts Total Renewals Full call number Barcode Date last seen Date last checked out Price effective from Koha item type
    Library of Congress Classification   Kabarak, Main Campus Kabarak, Main Campus 17/12/2015 11 1 HF5667 .S772 2009 c. 1 22416 07/12/2024 17/11/2024 17/12/2015 General Collection
Designed with assistance from East African Informatics Ltd